000 00709nam a2200253 i 4500
001 C2-0082256
003 PPAK
005 20180727084858.0
008 970429s1984 mnua|||| ||||| | eng d
020 _a0896862453
040 _aPPAK
_beng
_cPPAK
_erda
082 0 4 _a599.74446
_223
090 0 0 _a599.74446
_bNEN
_dG
090 0 0 _a599.74446
_bNEN
_dK
100 1 _aNentl, Jerolyn Ann,
_eauthor
245 1 4 _aThe grizzly
264 1 _aMankato, Minnesota :
_bCrestwood House ,
_c1984
300 _a47 pages :
_bcolour illustrations ;
_c22 cm
336 _2rdacontent
_atext
337 _2rdamedia
_aunmediated
338 _2rdacarrier
_avolume
650 1 0 _aGrizzly - Juvenile literature
942 _ddc
_cB
999 _c15154
_d15154